000 01778nam a2200289Ia 4500
001 E2631
003 IT-RoPAU
008 130308s9999 xx 000 0 und d
040 _aIT-RoPAU
040 _cIT-RoPAU
041 _aITALIANO
100 _aFracassi Claudio
100 _gCodice Aut. SPICS: 6487
245 _aNotizie hanno le gambe corte (Le)
245 _bNotizie Hanno le Gambe Corte (Le)
250 _a1a ed.
260 _aMILANO
260 _bRizzoli
260 _c1996 [1° Ed.:1996 - Ed.Ling.Originale:1996]
300 _a"220 p. (prefazione: no ; testo: 220)"
500 _aGuida Alla Lettura dell'Informazione, Affinche' Ciascuno Possa imparare a Distinguere le notizie Dalle Gambe Corte (E Scartarle), e a ricostruire Nelmodo meno Deformato Possibile la Realtà di Quei Fatti che Davvero Vale Lapena di Conoscere. Libro Quindi Sul Giornalismo Ma per I Lettori, sull'informazione Ma per Chi la Riceve. Cosa Descritta e quella Reale. Supermercatodella Comunicazione. Impotenza di Chi Legge. Analfabeti. Diritto All'Informazione. Dalla Realtà Alla Notizia. Inondazione di Parole. nella fabbrica dell'Informazione. Possibilità di riconoscere la Notizia. Conformismo. guardando Il Tg. Stampa e Potere. Smontare L'Informazione. circo degli Inviati. Consulenti in Pubbliche Relazioni. manipolazione per Inondazione. Produzione di Fatti. Tg Truffa. notizia Pubblicitaria. Come Leggere un Titolo. Grande Pettegolezzo. sport e Chiacchiere. Intervistato Immaginario. Simulazione. Traffico su Internet. mercato delle Informazioni. Bacheca e Giornalista.Fra Reale e Virtuale. Alfabetizzazione All'Informazione. Bibliografia.
650 _aTEORICHE GIORNALISTICHE
650 _eCodice materia Spics: 7055
942 _cBK
957 _71
999 _c94831
_d94831
999 _g1